| 000 | 00605nam a2200193Ia 4500 | ||
|---|---|---|---|
| 008 | 151121s9999||||xx |||||||||||||| ||und|| | ||
| 082 | _a920/पदकी | ||
| 082 | _bHNW-53842 | ||
| 100 | _aपदकी सरिता | ||
| 245 | _aकाळोखाची लेक | ||
| 260 | _b"अजब पुस्तकालय, कोल्हापूर" | ||
| 260 | _c-- | ||
| 300 | _a174 | ||
| 600 | _aपदकी सरिता | ||
| 630 | _aकाळोखाची लेक | ||
| 700 | _aपदकी सरिता | ||
| 730 | _aकाळोखाची लेक | ||
| 942 | _cBOOK | ||
| 999 |
_c1237302 _d1237299 |
||